UEFA - Euro U21 - Vainqueurs - Statistiques

Statistiques générales
  • Ce quiz a été pris 34 fois
  • Le résultat moyen est 24 sur 28
Statistiques - réponses
Année Vainqueur % Correct
1986 Espagne
100%
1998 Espagne
100%
2011 Espagne
100%
2013 Espagne
100%
2019 Espagne
100%
1988 France
100%
1992 Italie
100%
1994 Italie
100%
1996 Italie
100%
2000 Italie
100%
2004 Italie
100%
2009 Allemagne
96%
2017 Allemagne
96%
2021 Allemagne
96%
1982 Angleterre
92%
1984 Angleterre
92%
2023 Angleterre
92%
2025 Angleterre
92%
2006 Pays-Bas
76%
2007 Pays-Bas
76%
2015 Suède
76%
1976 Union soviétique
72%
1980 Union soviétique
72%
1990 Union soviétique
72%
1978 Yougoslavie
68%
1972 Tchécoslovaquie
64%
1974 Hongrie
52%
2002 République Tchèque
40%
Aucun quiz correspondant
Distribution des résultats
% des personnes avec chaque résultat
Percentile par nombre de réponses
Votre historique - résultats
Vous n’avez pas pris ce quiz